| 000 | 00000nam##2200000za#4500 |
| 001 | 9.602172 |
| 003 | CaOODSP |
| 005 | 20210624210433 |
| 007 | cr ||||||||||| |
| 008 | 150406|2000||||xxc|||||o f|0| 0 fre|d |
| 040 | |aCaOODSP|bfre |
| 043 | |an-cn--- |
| 086 | 1 |aNH18-23/66F-PDF |
| 110 | 2 |aSociété canadienne d'hypothèques et de logement. |
| 245 | 10|aPolitiques et programmes relatifs au secteur locatif privé : |h[ressource électronique]|bétude sur l'expérience internationale |
| 260 | |aOttawa - Ontario : |bSociété canadienne d'hypothèques et de logement |c[2000]. |
| 300 | |a4p.|bgraphique, tableau |
| 490 | 1 |aLe point en recherche. Série socio-économique|v66 |
| 590 | |a11-23-Supp|b2011-10-17 |
| 691 | 07|aLogement|2gcpds |
| 691 | 07|aPolitique|2gcpds |
| 691 | 07|aInvestissement|2gcpds |
| 775 | 08|tPrivate rental policies and programs : |w(CaOODSP)9.571745 |
| 776 | 0#|tPolitiques et programmes relatifs au secteur locatif privé : |w(CaOODSP)9.625475 |
| 830 | #0|aLe point en recherche. Série socio-économique ;|v66|w(CaOODSP)9.501568 |
| 856 | 40|ahttp://publications.gc.ca|qPDF|s140 Ko|uhttps://publications.gc.ca/collections/Collection/NH18-23-66F.pdf|y66 |